Laporan Tahunan Kastam Diraja Malaysia Sarawak (Record no. 4600)

000 -LEADER
fixed length control field nas a22 a 4500
003 - CONTROL NUMBER IDENTIFIER
control field AKMAL
005 - DATE AND TIME OF LATEST TRANSACTION
control field 20170605105031.0
008 - FIXED-LENGTH DATA ELEMENTS--GENERAL INFORMATION
fixed length control field 170605c19989999my ar p 0 a|may |
040 ## - CATALOGING SOURCE
Original cataloging agency AKMAL
049 00 - LOCAL HOLDINGS (OCLC)
Holding library AKMAL
082 04 - DEWEY DECIMAL CLASSIFICATION NUMBER
Edition number 21
110 2# - MAIN ENTRY--CORPORATE NAME
Corporate name or jurisdiction name as entry element Sarawak
Subordinate unit Kastam Diraja Malaysia
9 (RLIN) 8851
245 00 - TITLE STATEMENT
Title Laporan Tahunan Kastam Diraja Malaysia Sarawak
260 3# - PUBLICATION, DISTRIBUTION, ETC.
Place of publication, distribution, etc. Kuching:
Name of publisher, distributor, etc. Kastam Diraja Malaysia Sarawak,
Date of publication, distribution, etc. 1998-
300 ## - PHYSICAL DESCRIPTION
Extent j.:
Other physical details il. wrn.;
Dimensions 30cm
310 ## - CURRENT PUBLICATION FREQUENCY
Current publication frequency Tahunan
500 ## - GENERAL NOTE
General note Huraian berdasarkan: 1998-
650 10 - SUBJECT ADDED ENTRY--TOPICAL TERM
Topical term or geographic name entry element Custom administration
Geographic subdivision Sarawak
Form subdivision Periodicals
9 (RLIN) 8852
650 20 - SUBJECT ADDED ENTRY--TOPICAL TERM
Topical term or geographic name entry element House organs
Geographic subdivision Sarawak
Form subdivision Periodicals
9 (RLIN) 8853
942 ## - ADDED ENTRY ELEMENTS (KOHA)
Source of classification or shelving scheme
Koha item type Periodicals
Holdings
Withdrawn status Lost status Source of classification or shelving scheme Damaged status Not for loan Collection code Home library Current library Shelving location Date acquired Inventory number Total Checkouts Barcode Date last seen Price effective from Koha item type
          NON-FICTION AKMAL Melaka AKMAL Melaka PINJAMAN 05.06.2017 000057 (1998)   201707576 05.06.2017 05.06.2017 Periodicals
          NON-FICTION AKMAL Melaka AKMAL Melaka PINJAMAN 05.06.2017 000069 (1999)   201707579 05.06.2017 05.06.2017 Periodicals
          NON-FICTION AKMAL Melaka AKMAL Melaka PINJAMAN 05.06.2017 000989 (2000)   201707577 05.06.2017 05.06.2017 Periodicals
          NON-FICTION AKMAL Melaka AKMAL Melaka PINJAMAN 05.06.2017 000114 (2002)   201707574 05.06.2017 05.06.2017 Periodicals
          NON-FICTION AKMAL Melaka AKMAL Melaka PINJAMAN 05.06.2017 000153 (2003)   201707575 05.06.2017 05.06.2017 Periodicals
Pusat Sumber Maklumat Dato' Haji Sarmin Md Hussin, Akademi Kastam Diraja Malaysia, Melaka
Tel: 06-2331106 | Faks: 06-2313787